Frito Lay Brands - Statistics

General Stats
  • This quiz has been taken 12 times
    11 since last reset
  • The average score is 9 of 23
Answer Stats
Answer % Correct
Doritos
100%
Lay's
100%
Cheetos
89%
Fritos
78%
Tostitos
67%
Ruffles
56%
Smartfood
56%
Funyuns
44%
Chesters
33%
Popcorners
33%
Rold Gold
33%
SunChips
33%
Quaker
22%
Spitz
22%
Gamesa
11%
Grandma's
11%
Josefina's
11%
Miss Vickies
11%
Nut Harvest
11%
Sabritas
11%
Santitas
11%
Stacy's
11%
Cracker Jack
0%
No matching quizzes found
Score Distribution
Percent of People with Each Score
Percentile by Number Answered
Your Score History
You have not taken this quiz since the last reset